Linear algebra
Furkejuvvon:
| Váldodahkki: | |
|---|---|
| Materiálatiipa: | Girji |
| Giella: | eaŋgalasgiella |
| Almmustuhtton: |
Nueva York
Holt, Rinehart and Winston
1969
|
| Fáttát: | |
| Fáddágilkorat: |
Lasit fáddágilkoriid
Eai fáddágilkorat, Lasit vuosttaš fáddágilkora!
|
MARC
| LEADER | 00000nam a2200000 a 4500 | ||
|---|---|---|---|
| 001 | UCQ8884 | ||
| 003 | CL-VaPUC | ||
| 008 | 981217e19690000US |||||||||||||||||eng|d | ||
| 082 | 0 | 4 | |a 512.5 |b PIL |2 21 |
| 100 | 0 | |a Pillis, John de |e author |9 423187 | |
| 245 | 1 | 0 | |a Linear algebra |
| 300 | |a 510 p | ||
| 942 | |c BK | ||
| 945 | |d 19981217 00:00:00 |a crobeson | ||
| 260 | |a Nueva York |b Holt, Rinehart and Winston |c 1969 | ||
| 650 | 0 | |a Álgebra |9 259567 | |
| 650 | 0 | |a Matemática |9 260235 | |
| 650 | 0 | |a Álgebra lineal |9 260445 | |
| 650 | 0 | |a Vectores |9 317184 | |
| 650 | 0 | |a Matrices |9 22 | |
| 650 | 7 | |a DETERMINANTES |2 CL-VaPUC |9 423188 | |
| 650 | 0 | |a Polinomios |9 270626 | |
| 650 | 0 | |a Teoría de grupos |9 270028 | |
| 583 | |a last modification |c 19981217 00:00:00 |k Rodrigo Vera | ||
| 999 | |c 278053 |d 278051 | ||